Automerkkien logot - Statistics

Yleistilastot
  • Tätä visaa on pelattu 281 kertaa
  • Keskiarvotulos 13 / 20
Vastaustilastot
Kysymys Vastaus % Oikein
Audi
96%
Jeep
96%
Toyota
95%
Volvo
89%
Kia
88%
Citroën
82%
Volkswagen
80%
Ferrari
77%
Tesla
74%
H??ndai
72%
Škoda
70%
BMW
56%
Mercedes-Benz
56%
Nissan
56%
Ford
51%
Peugeot
51%
Renault
48%
Honda
34%
Mini
23%
Opel
3%
Ehtoja vastaavia visoja ei löytynyt
Tulosjakauma
Jokaisen tuloksen saaneiden osuus
Persentiili vastausten määrän mukaan
Tuloshistoriasi
Et ole pelannut tätä visaa